000 00415cam a2200181ua 4500
001 3433
008 111111n ii |||gr||||Z||||||asm
040 _cMAIN
082 _a891.4513
100 _aKalita, Satya Ranjan,
_eAuthor.
245 1 1 _aSpy
_cby Satya Ranjan Kalita
250 _a3rd.
260 _aKolkata:
_bEducation,976.
300 _a86p:5cm.
653 _aAssamese novel
653 _aSpy
942 _cBK
999 _c3276
_d3276